US Bestselling Albums Since 1970 - Statistics

General Stats
  • This quiz has been taken 76 times
  • The average score is 30 of 50
Answer Stats
Hint Answer % Correct
1991: Mariah Carey Mariah Carey
97%
2005: The Emancipation of Mimi Mariah Carey
97%
1974: Goodbye Yellow Brick Road Elton John
95%
1975: Elton John's Greatest Hits Elton John
95%
1994: "The Lion King" Soundtrack Elton John
95%
1983 + 1984: Thriller Michael Jackson
94%
1990: Janet Jackson's Rhythm Nation 1814 Janet Jackson
92%
1986: Whitney Houston Whitney Houston
92%
1993: "The Bodyguard" Soundtrack Whitney Houston
92%
2002: The Eminem Show Eminem
90%
2010: Recovery Eminem
90%
1985: Born In The U.S.A. Bruce Springsteen
89%
1980: The Wall Pink Floyd
89%
2003: Get Rich Or Die Tryin' 50 Cent
84%
1977: Rumours Fleetwood Mac
84%
1988: Faith George Michael
82%
1997: Spice Spice Girls
82%
1970: Bridge Over Troubled Water Simon & Garfunkel
79%
1978: Saturday Night Fever Soundtrack Bee Gees
76%
1976: Frampton Comes Alive Peter Frampton
73%
2011: 21 Adele
69%
2015: 25 Adele
69%
2009: Fearless Taylor Swift
68%
2014: 1989 Taylor Swift
68%
2017: Reputation Taylor Swift
68%
2019: Lover Taylor Swift
68%
2020: Folklore Taylor Swift
68%
1987: Slippery When Wet Bon Jovi
65%
1996: Jagged Little Pill Alanis Morrissette
61%
1972: Harvest Neil Young
58%
1979: 52nd Street Billy Joel
55%
1982: Asia Asia
53%
2016: 24k Magic Bruno Mars
50%
2012: + Ed Sheeran
48%
1971: All Things Must Pass George Harrison
42%
2006: FutureSex/LoveSounds Justin Timberlake
32%
2013: The 20/20 Experience Justin Timberlake
32%
1981: Hi Infidelity REO Speedwagon
32%
1999: Millennium Backstreet Boys
31%
2008: Tha Carter III Lil Wayne
31%
2004: Confessions Usher
29%
1995: Cracked Rear View Hootie & The Blowfish
26%
1989: Don't Be Cruel Bobby Brown
24%
2001: Hybrid Theory Linkin Park
23%
2000: No Strings Attached NSYNC
23%
1973: The World Is A Ghetto War
15%
1992: Some Gave All Billy Ray Cyrus
13%
1998: Talk On Corners The Corrs
13%
2018: Love Yourself BTS
6%
2007: Noël Josh Groban
6%
No matching quizzes found
Score Distribution
Percent of People with Each Score
Percentile by Number Answered
Your Score History
You have not taken this quiz